Italy's Largest Listed Companies - FTSE MIB - Statistics

General Stats
  • This quiz has been taken 68 times
  • The average score is 14 of 40
Answer Stats
Sector Company % Correct
Automotives Ferrari
94%
Aerospace & Defense Leonardo
69%
Oil & Gas Eni
63%
Automotive Stellantis
56%
Semiconductors STMicroelectronics
56%
Telecommunications TIM Group
56%
Financial services UniCredit
50%
Electric utlities Enel
44%
Financial services Generali
44%
Postal services Poste italiane
44%
Utlities A2A
38%
Financial services Intesa Sanpaolo
38%
Automotive Iveco Group
38%
Auto and truck parts Pirelli
38%
Financial services Azimut
31%
Financial services Banca Mediolanum
31%
Financial services Banca Popolare di Sondrio
31%
Financial services Banco BPM
31%
Beverages Campari
31%
Biotech Diasorin
31%
Financial services FinecoBank
31%
Utilities Hera
31%
Luxury Goods Moncler
31%
Electrical equipment Prysmian
31%
Financial services Unipol
31%
Health care Amplifon
25%
Financial services Banca Monte dei Paschi di Siena
25%
Financial services BPER Banca
25%
Luxury goods Brunello Cucinelli
25%
Building materials Buzzi
25%
Telecommunications INWIT
25%
Utilities Italgas
25%
Financial services Mediobanca
25%
Payment services Nexi
25%
Pharmaceuticals Recordati
25%
Industrials Interpump Group
19%
Oilfield services Saipem
19%
Gas industry Snam
19%
Oilfield services Tenaris
19%
Utilities Terna
19%
No matching quizzes found
Score Distribution
Percent of People with Each Score
Percentile by Number Answered
Your Score History
You have not taken this quiz